Word Ladder: We Us Ours (Beatles) Quiz Stats

Quiz Updated May 16, 2016

Challenge
Share
Tweet
Embed
Score 0/22 Timer 03:00
0 Plays Today
Hint 1- to 4- Letter Word % Correct
● 1 LETTER - Song title: _ Saw Her Standing There ● ● I ●
99.6%
2 LETTERS - Add a letter to the previous rung to complete the next song title: A Day __ the LifeIN
98.8%
● Song title: Can't Buy __ Love (2 letters) ●● ME ●
95.1%
Song title: I'll Be __ My WayON
95%
Song title: Within ___ Without ___YOU
93.6%
Beatles song lyric: '__'s a real nowhere man, sitting in his nowhere land'HE
92.9%
3 LETTERS - Add one letter to the previous rung to complete the next song title: ___ Loves YouSHE
92.8%
Beatles nickname: The Fab ____FOUR
92.8%
4 LETTERS - Add a letter to the previous rung to complete the next title: I Want to Hold ____ HandYOUR
92.5%
File a lawsuit against somebody, like Paul did to John, George, and Ringo in 1970SUE
91.6%
Song title: Here Comes the ___SUN
91.1%
Hint 1- to 4- Letter Word % Correct
Bad thing to commit in sportsFOUL
91.1%
Song title: Mother Nature's ___SON
84.3%
Quaint way of saying 'over there': hither and ___YON
83.5%
Song title: The ____ on the HillFOOL
80%
Longtime slogan of the UNCF: 'A ____ is a terrible thing to waste'MIND
79.2%
To come upon something by chanceFIND
78.6%
Affectionate and loving, like memories or farewellsFOND
77.9%
Collective name for edible items like onions (not the glass kind), Savoy truffles, strawberries, and honey pieFOOD
76.8%
● Belonging to me; with the other two theme answers, another Beatles song ●● MINE ●
76.7%
Where, to Michelle and her French compatriots
73%
μ, 12th letter of the Greek alphabetMU
72.7%

Today's Daily Dose

Missing Word
1998 A-Z Movies

Word Ladder
5 Vowel Sounds

Quick Pick
Legal Terms

On This Day
June 25th II

You're not logged in!

Compare scores with friends on all Sporcle quizzes.
Join for Free
OR
Log In

You Might Also Like...

Show Comments

Extras

Top Quizzes Today


Score Distribution

Your Account Isn't Verified!

In order to create a playlist on Sporcle, you need to verify the email address you used during registration. Go to your Sporcle Settings to finish the process.

Report this User

Report this user for behavior that violates our Community Guidelines.

Details: